Statistics for River Delta by Country

Click here to take the quiz!

General Stats

  • This quiz has been taken 245 times
    (204 since last reset)
  • The average score is 15 of 21

Answer Stats

River DeltaCountry% Correct
NileEgypt
99%
AmazonBrazil
96%
NigerNigeria
94%
MekongVietnam
90%
ColumbiaUnited States
89%
Saint LawrenceCanada
86%
RhôneFrance
82%
DanubeRomania
82%
MurrayAustralia
79%
DnieperUkraine
79%
PoItaly
76%
RhineNetherlands
73%
ZambeziMozambique
70%
PearlChina
65%
ShinanoJapan
63%
VistulaPoland
63%
OrinocoVenezuela
58%
YeniseiRussia
53%
DouroPortugal
49%
IrrawaddyMyanmar
48%
OkavangoBotswana
32%

Score Distribution

Percentile by Number Answered

Percent of People with Each Score

Your Score History

You have not taken this quiz since the last reset